[Event "ESP-ch Rapid 2018"]
[Site "Linares"]
[Date "2018.08.19"]
[Round "4"]
[White "Izquierdo Puertas, Carlos"]
[Black "Carretero Ortiz, Francisco"]
[Result "0-1"]
[WhiteElo "2010"]
[BlackElo "2241"]
[Annotator "TA"]
[PlyCount "160"]
[EventDate "2018.08.19"]
[EventType "team-tourn"]
[EventCountry "ESP"]
[SourceTitle "playchess.com"]
[Source "ChessBase"]
[SourceQuality "1"]

{[%evp 16,160,-54,-86,-86,-85,-75,-102,-93,-101,-100,-178,-171,-213,-219,-197,-40,-157,-24,-23,-16,-12,0,0,22,-101,-85,-79,-80,-78,-86,-74,-89,-89,-84,-169,-92,-258,-253,-266,-272,-446,-445,-815,-463,-29999,-424,-29999,-276,-384,-268,-403,-398,-391,-384,-389,-326,-374,-327,-322,-314,-320,-330,-395,-306,-277,-295,-287,-286,-346,-336,-337,-335,-326,-305,-606,-288,-292,-291,-287,-288,-627,-625,-1730,-1639,-1822,-1940,-5691,-5604,-29971,-29972,-29972,-29972,-29972,-29972,-29970,-29972,-29968,-29969,-29953,-29942,-29977,-29958,-29958,-29960,-29960,-29954,-29958,-29958,-29954,-29960,-29958,-29959,-29958,-29949,-29963,-29961,-29960,-29963,-29977,-29978,-29978,-29975,-29975,-29976,-29974,-29977,-29978,-29979,-29979,-29980,-29980,-29980,-29980,-29981,-29984,-29980,-29980,-29981,-29980,-29981,-29989,-29990,-29990,-29990,-29990,-29990]} 1. e4 d5 2. exd5 Nf6 3. d4 Nxd5 4. c4 Nb6 5. Nc3 e5 6. Be3 exd4 7. Qxd4 Qxd4 8. Bxd4 Nc6 9. Be3 {Threatening c5.} Be6 {B01: Scandinavian Defence} (9... Bb4 10. O-O-O Bxc3 11. bxc3 Be6 12. c5 Nd5 13. Bd2 Nf6 14. Bd3 O-O-O 15. Bb1 Rd5 16. Be3 Rxd1+ 17. Kxd1 {1-0 (41) Starostits,I (2431)-Gaponenko,I (2430) Leutersdorf 2004}) 10. b3 Bb4 11. Nge2 O-O-O $1 {Black is better.} 12. a3 Be7 13. Nb5 $146 {[#]} (13. Nf4 $17 {might work better.}) ({Predecessor:} 13. g3 Ne5 14. Bg2 Nd3+ 15. Kf1 Bc5 16. Ne4 Bxe3 17. fxe3 {0-1 (33) Kuvsinov,A-Riegler,D (2185) Laguna 1996}) 13... Bf6 $1 $19 {[%cal Rf6a1]} 14. Rd1 Rxd1+ 15. Kxd1 a6 $2 (15... Rd8+ $19 16. Ke1 a6) 16. Nbc3 (16. Nd6+ $1 $15 Kb8 17. Ne4) 16... Na5 (16... Rd8+ $17 17. Kc2 Bf5+ 18. Kb2 Rd3) 17. Kc2 $1 $11 Bf5+ 18. Kb2 Rd8 19. Ng3 Bd3 20. Be2 {[#]} (20. Bxd3 $11 {remains equal.} Rxd3 21. Nge4) 20... Naxc4+ $1 {[%mdl 512]} 21. bxc4 Na4+ $1 ({Reject} 21... Nxc4+ 22. Kb3 $11) 22. Kb3 Nxc3 23. Bg4+ Kb8 24. Nh5 Ne4 $36 {[%mdl 2048] White must now prevent ...Bd4. Black has strong initiative.} 25. f3 {[#]} (25. Nxf6 $17 Nxf6 26. Bf3) 25... Be2 (25... Nd6 $1 $19 {[%cal Rd6c4]} 26. Rc1 Bxc4+ 27. Rxc4 Nxc4 28. Kxc4 b5+ 29. Kb4 Be7+ 30. Kc3 g6) 26. Nf4 $2 (26. fxe4 $17 Bxg4 27. Nxf6 gxf6 28. Kc3) 26... Nd2+ $19 27. Bxd2 Rxd2 28. Rb1 $2 (28. Nxe2 Rxe2 29. g3) 28... Bd1+ 29. Kb4 (29. Rxd1 $142 Rxd1 30. Bf5) 29... b6 {[%csl Gb6][%cal Rc7c5]} 30. Nd5 (30. Rxd1 $19 Rxd1 31. Bf5) 30... Be5 (30... c5# $142) 31. Bf5 (31. Rxd1 $19 Rxd1 32. f4 Bd6+ 33. Kc3) 31... a5+ $2 (31... c5# {mates}) 32. Kb5 Kb7 {[%csl Gb7][%cal Rc7c6]} 33. Bd7 (33. Ne7 {was forced.} Bc2 34. Bc8+ Kb8 35. Re1) 33... Be2 {...Rxd5+ is the strong threat.} 34. Bc6+ Ka7 35. f4 Bd6 36. Rb3 Rc2 37. Ne3 Rc1 38. Bd5 Bxf4 39. Nf5 c6+ 40. Kxc6 Bxc4 41. Bxc4 Rxc4+ {[%mdl 4096] Endgame KRB-KRN} 42. Kd5 Rc5+ 43. Ke4 Bxh2 {Hoping for ...Re5+.} 44. Nxg7 Re5+ 45. Kf3 $2 (45. Kd4) 45... b5 (45... Rg5 $142 46. Nh5 Rxh5) 46. g4 Kb6 47. Nf5 {[#]} h5 $1 48. Nd4 $2 (48. Ne3 hxg4+ 49. Kxg4) (48. gxh5 Rxf5+) 48... hxg4+ 49. Kxg4 Re4+ 50. Kh3 Rxd4 51. Kxh2 {KR-KR} b4 52. axb4 axb4 {Black mates.} 53. Kg2 Kb5 54. Kf3 Kc4 55. Rb1 b3 56. Ke3 Rd7 57. Rc1+ Kb4 58. Rc8 Rb7 59. Kd2 Ka3 60. Kc1 f5 61. Ra8+ Kb4 62. Rf8 Rb5 63. Kb2 Kc4 64. Rd8 Rc5 65. Rf8 Kd4 66. Kxb3 Ke4 67. Kb2 f4 {[%cal Bf5f4,Bf4f3,Bf3f2][%mdl 32]} 68. Re8+ Kd3 69. Rd8+ Ke3 70. Re8+ Kf2 71. Rf8 f3 72. Rf7 Ke2 73. Re7+ Kf1 74. Rf7 f2 75. Rf8 Ke2 76. Re8+ Kf3 77. Rf8+ Ke3 78. Kb1 Rc4 79. Re8+ Re4 80. Rf8 Ke2 {Precision: White = 29%, Black = 57%.} 0-1

[Event "ESP-ch Rapid 2018"]
[Site "Linares"]
[Date "2018.08.19"]
[Round "4"]
[White "Ordonez Torres, Jesus"]
[Black "Perera Borrego, Maria Adela"]
[Result "1-0"]
[WhiteElo "1989"]
[BlackElo "2177"]
[Annotator "TA"]
[PlyCount "43"]
[EventDate "2018.08.19"]
[EventType "team-tourn"]
[EventCountry "ESP"]
[SourceTitle "playchess.com"]
[Source "ChessBase"]
[SourceQuality "1"]

{[%evp 12,42,-75,-74,274,281,290,306,264,217,269,266,258,312,289,117,150,150,150,141,149,147,304,291,722,732,881,872,2336,2237,29995,29993,29999]} 1. e4 d6 2. d4 Nf6 3. Nc3 e5 4. Nf3 Nbd7 5. Bc4 Be7 6. g4 {C41: Philidor Defence} (6. O-O O-O 7. Re1 c6 8. a4 a5 9. h3 Re8 10. Ba2 Bf8 11. Be3 Qc7 12. Ng5 Re7 13. f4 b6 14. fxe5 dxe5 15. d5 cxd5 16. exd5 {1-0 (16) Wang,H (2709)-Ivanchuk,V (2726) Huaian 2017}) 6... Nxg4 7. Rg1 {LiveBook: 3 Games} Ngf6 $2 {[%mdl 8192] [#]} (7... Nb6 $17 8. Be2 O-O) 8. Bxf7+ $1 $18 {[%mdl 512] White has a decisive advantage.} Kf8 $146 {White should prevent ...exd4.} (8... Kxf7 9. Ng5+) ({Predecessor:} 8... Kxf7 9. Ng5+ {1-0 (9) Lorente Penalva,D (2097)-Herzog,K (1775) LSS email 2007}) 9. Ng5 {Hoping for Ne6+.} Nb6 10. Bb3 {aiming for Nf7.} c5 11. Nf7 Qd7 12. dxc5 dxc5 13. Nxh8 (13. Qe2 $18) 13... c4 14. Qf3 cxb3 15. axb3 Qh3 16. Rg3 Qxh2 $2 (16... Qe6 $16 {might work better.}) 17. Be3 {[#] Bxb6 is the strong threat.} Nbd7 $2 (17... Kg8) 18. O-O-O Qh5 19. Qg2 Qe8 20. Rxg7 a5 21. Bh6 {[%cal Rg7h7]} Qh5 22. Rg8# {Precision: White = 61%, Black = 22%.} 1-0

[Event "ESP-ch Rapid 2018"]
[Site "Linares"]
[Date "2018.08.19"]
[Round "4"]
[White "Vazquez Gonzalez, Francisco"]
[Black "Martinez Reyes, Pedro Ramon"]
[Result "1-0"]
[WhiteElo "1926"]
[BlackElo "2412"]
[Annotator "TA"]
[PlyCount "83"]
[EventDate "2018.08.19"]
[EventType "team-tourn"]
[EventCountry "ESP"]
[SourceTitle "playchess.com"]
[Source "ChessBase"]
[SourceQuality "1"]

{[%evp 9,82,-43,-40,-39,-43,-52,-37,-47,-37,-41,-18,-29,-22,-28,-27,-93,-43,-141,-92,-86,-75,-63,-73,-70,-76,-74,-76,-74,-32,-83,-40,-53,-17,-24,-14,-72,-51,-57,-69,-178,-172,-185,-160,-189,-153,-172,148,145,306,302,313,308,287,312,304,303,297,287,423,422,446,474,700,700,806,307,307,307,546,536,2207,1959,29998,29999,29999]} 1. e4 e6 2. Bd3 (2. d4 d5 3. Nc3 Bb4 4. e5 Ne7 5. a3 Bxc3+ 6. bxc3 b6 7. Qg4 Kf8 8. a4 Ba6 9. Bxa6 Nxa6 10. Qe2 Nb8 11. a5 Nbc6 12. axb6 cxb6 13. Nf3 Na5 14. O-O h6 15. Ba3 Kg8 {0-1 (43) Giri,A (2782)-Caruana,F (2816) Leuven 2018}) 2... c5 3. c3 d5 4. exd5 $146 ({Predecessor:} 4. Nf3 Nc6 5. O-O Nf6 6. e5 Nd7 7. Bb5 Be7 8. d4 Qb6 9. a4 a6 10. Bxc6 bxc6 {1-0 (31) Fernandez,D (2505)-L'Ami,A (2306) Reykjavik 2018}) 4... Qxd5 5. Qf3 Nf6 6. Bc2 {C06: French Tarrasch: 3...Nf6 4 e5 Nfd7 5 Bd3 main lines} Nc6 7. Qxd5 Nxd5 8. Ne2 {Black is slightly better.} Bd6 9. O-O Bd7 10. Na3 Rc8 11. d3 O-O 12. Be3 (12. Nc4 $11 {remains equal.} Bc7 13. a4) 12... b6 13. d4 (13. Bd2 $15) 13... Nxe3 14. fxe3 cxd4 15. Nb5 Bb8 {White must now prevent ...d3!} 16. exd4 {[#]} Nb4 $1 {[%mdl 512]} 17. Na3 (17. cxb4 Rxc2) 17... Nxc2 18. Nxc2 e5 19. Rad1 (19. dxe5 $15 Rfe8 20. Ned4) 19... Bb5 20. Rf2 e4 21. Ne3 g6 $36 {[%mdl 2048] Black fights for an advantage.} 22. Nd5 (22. g4 $11) 22... Kg7 $17 23. Nef4 Rce8 24. Re1 (24. g3 $15) 24... f5 $19 25. b3 Bc6 26. c4 Bb7 27. h4 Rd8 $2 ({Better is} 27... h6 $19 {Threatens to win with ...g5.} 28. Ne3 Bc8) 28. Ne6+ $16 Kh6 $2 (28... Kg8 $16) 29. Nxf8 $18 {[#] Hoping for Ne6.} Rxf8 30. Rxe4 $1 Rd8 31. Re7 Bxd5 32. cxd5 Rxd5 {[%mdl 4096] Endgame KRR-KRB} 33. Rd2 b5 (33... Bg3 $142 34. Rd3 Bxh4) 34. Kf2 a5 35. Kf3 b4 (35... Rd8 $142 36. Rb7 Rc8 37. Rxb5 Rc3+ 38. Ke2 Bd6 39. Rxa5 Rg3) 36. Rb7 Be5 37. Re2 $2 (37. g4 {Intending g5+ and mate.} fxg4+ 38. Ke4) 37... Bf6 38. g3 Rd6 $2 (38... Rd8 39. Re6 Bxd4) 39. Rc2 {White threatens Rcc7 and mate.} Rxd4 40. Rcc7 {[%csl Gb7][%cal Rc7h7]} g5 41. Rxh7+ Kg6 42. h5# {Precision: White = 39%, Black = 34%.} 1-0

[Event "ESP-ch Rapid 2018"]
[Site "Linares"]
[Date "2018.08.19"]
[Round "4"]
[White "Diaz Sanchez, Jose Francisco"]
[Black "Fernandez De Bobadilla, Gabriel"]
[Result "0-1"]
[WhiteElo "1707"]
[BlackElo "2175"]
[Annotator "TA"]
[PlyCount "86"]
[EventDate "2018.08.19"]
[EventType "team-tourn"]
[EventCountry "ESP"]
[SourceTitle "playchess.com"]
[Source "ChessBase"]
[SourceQuality "1"]

{[%evp 12,86,24,-10,0,-8,14,-15,-21,-19,-10,-20,-8,-34,-32,-25,-33,-39,-27,-33,-36,-83,-74,-80,-59,-111,-125,-117,-81,-108,-64,-70,-42,-35,-54,-128,20,-98,-29,-40,-37,-150,-142,-142,-142,-152,-145,-158,-159,-164,-137,-867,-849,-894,-889,-1024,-988,-972,-966,-5547,-5266,-2813,-2841,-4052,-2096,-1505,-5044,-29960,-5883,-29980,-29981,-29981,-29981,-29982,-29983,-29990,-29991]} 1. e4 c5 2. c3 d5 3. exd5 Qxd5 4. d4 e6 5. Nf3 Nf6 6. Be3 cxd4 7. Nxd4 {LiveBook: 4 Games. B22: Sicilian: 2 c3} (7. cxd4 Bb4+ 8. Nc3 O-O 9. Be2 Nbd7 10. O-O Bxc3 11. bxc3 b6 12. Nd2 Qd6 13. Bf3 Rb8 14. c4 Bb7 15. Bxb7 Rxb7 {1-0 (36) Finkel,A (2511)-Navara,D (2725) Tallinn 2016}) 7... a6 8. Nd2 Be7 9. Qb3 $146 {The position is equal.} ({Predecessor:} 9. Nc4 Nbd7 10. Nf3 b5 11. Na5 O-O 12. Be2 b4 13. Qxd5 Nxd5 14. Nc6 Bd6 15. Nxb4 Nxb4 16. cxb4 Bxb4+ {0-1 (54) Bebiak,J (2160)-Helbich,J (2245) Slovakia 2006}) 9... O-O 10. Rd1 b5 11. N2f3 Bb7 12. Be2 (12. c4 $5 {[%cal Rc4d5]} Qh5 13. cxb5 $11) 12... Nbd7 {[%cal Bb8d7,Bd7c5,Bc5a4][%mdl 32]} 13. O-O Nc5 14. Qxd5 Bxd5 15. a3 Rac8 16. Nd2 Na4 17. Rb1 Ne4 18. Bd3 (18. N4b3 $15) 18... Nxd2 $17 19. Bxd2 Rfd8 20. Be3 Bf6 21. Bc2 $1 Nxc3 22. bxc3 Rxc3 {And now ...Bxd4 would win.} 23. Rfc1 (23. Rb2 $1 $15) 23... g6 (23... Rdc8 $17 {White must now prevent ...Bxd4.} 24. Nxb5 axb5) 24. a4 (24. Bd1 $11 Rxc1 25. Rxc1) 24... Rdc8 (24... Ba2 $17 25. Rb2 (25. Rb4 $2 Bc4 $19) 25... Bxd4 26. Bxd4 Rxd4 27. axb5 Bc4 28. bxa6 Bxa6) 25. axb5 $11 axb5 26. Nxb5 ({White should try} 26. Rxb5 $15 Be4 27. g4) 26... Rxc2 $17 27. Rxc2 Rxc2 28. h3 Kg7 29. Rc1 Rxc1+ 30. Bxc1 {[%mdl 4096] Endgame KBB-KBN} Ba1 31. Nc3 $2 {[%mdl 8192] [#]} (31. Bd2 $17) 31... Bxc3 $19 32. Be3 e5 33. Kf1 Bd4 34. Bd2 f5 {[%cal Bf7f5,Bf5e4,Be4e3,Be3e2][%mdl 32]} 35. f3 Kf6 36. Ke2 Bc4+ 37. Ke1 Ke6 38. Bb4 e4 39. fxe4 fxe4 40. Ba5 e3 {Black mates.} 41. Bb4 e2 42. Bd2 Kf5 43. g4+ Ke4 {Precision: White = 21%, Black = 46%.} 0-1

[Event "ESP-ch Rapid 2018"]
[Site "Linares"]
[Date "2018.08.19"]
[Round "4"]
[White "Gonzalez Fernandez, Manuel Jesus"]
[Black "Ruiz Casado, Francisco Javier"]
[Result "0-1"]
[WhiteElo "1340"]
[BlackElo "1975"]
[Annotator "NA RC"]
[PlyCount "132"]
[EventDate "2018.08.19"]
[EventType "team-tourn"]
[EventCountry "ESP"]
[SourceTitle "playchess.com"]
[Source "ChessBase"]
[SourceQuality "1"]
[TimeControl "900+5"]

1. e4 {[%emt 0:00:00]} g6 {[%emt 0:00:00]} 2. d4 {[%emt 0:00:00]} Bg7 {[%emt 0:00:00]} 3. Nf3 {[%emt 0:00:00]} c6 {[%emt 0:00:14]} 4. Nc3 {[%emt 0:00:03]} d5 {[%emt 0:00:13]} 5. exd5 {[%emt 0:00:17]} cxd5 {[%emt 0:00:15]} 6. Bd3 {[%emt 0:00:04]} Nf6 {[%emt 0:00:07]} 7. O-O {[%emt 0:00:48]} Bg4 {[%emt 0:00:13]} 8. h3 {[%emt 0:00:02]} Bxf3 {[%emt 0:00:02]} 9. Qxf3 {[%emt 0:00:02]} O-O {[%emt 0:00:07]} 10. Bf4 {[%emt 0:00:07]} Nc6 {[%emt 0:00:05]} 11. Be3 {[%emt 0:00:12]} Nb4 {[%emt 0:00:17]} 12. Qe2 {[%emt 0:00:26]} Rc8 {[%emt 0:00:09]} 13. a3 {[%emt 0:00:04]} Nxd3 {[%emt 0:00:03]} 14. Qxd3 {[%emt 0:00:03]} Qb6 {[%emt 0:00:15]} 15. Rab1 {[%emt 0:00:11]} Qc6 {[%emt 0:00:19]} 16. Rfc1 {[%emt 0:00:07]} Rfd8 {[%emt 0:00:07]} 17. Qb5 {[%emt 0:00:29]} Rd7 {[%emt 0:02:09]} 18. f3 {[%emt 0:00:33]} Qxb5 {[%emt 0:01:17]} 19. Nxb5 {[%emt 0:00:02]} a6 {[%emt 0:00:04]} 20. Nc3 {[%emt 0:00:03]} Rdc7 {[%emt 0:00:03]} 21. g4 {[%emt 0:00:20]} e6 {[%emt 0:00:02]} 22. Kf2 {[%emt 0:00:14]} Ne8 {[%emt 0:00:25]} 23. Ke2 {[%emt 0:00:10]} Rc6 {[%emt 0:00:09]} 24. Kd3 {[%emt 0:00:16]} Nd6 {[%emt 0:00:12]} 25. Bf2 {[%emt 0:01:03]} Bh6 {[%emt 0:00:12]} 26. Be3 {[%emt 0:00:11]} Bxe3 {[%emt 0:00:21]} 27. Kxe3 {[%emt 0:00:01]} Nc4+ {[%emt 0:00:02]} 28. Ke2 {[%emt 0:00:18]} Nxb2 {[%emt 0:00:58]} 29. Nxd5 {[%emt 0:00:22]} Rxc2+ {[%emt 0:00:22]} 30. Rxc2 {[%emt 0:00:03]} Rxc2+ {[%emt 0:00:02]} 31. Ke3 {[%emt 0:00:07]} exd5 {[%emt 0:00:02]} 32. f4 {[%emt 0:00:10]} b5 {[%emt 0:00:02]} 33. h4 {[%emt 0:00:01]} Nc4+ {[%emt 0:00:03]} 34. Kd3 {[%emt 0:00:02]} Rf2 {[%emt 0:00:09]} 35. a4 {[%emt 0:00:08]} Rxf4 {[%emt 0:00:16]} 36. Ke2 {[%emt 0:00:05]} Rxd4 {[%emt 0:00:09]} 37. axb5 {[%emt 0:00:04]} axb5 {[%emt 0:00:03]} 38. Rxb5 {[%emt 0:00:02]} Rxg4 {[%emt 0:00:07]} 39. Rxd5 {[%emt 0:00:02]} Rxh4 {[%emt 0:00:02]} 40. Kf3 {[%emt 0:00:01]} Kg7 {[%emt 0:00:03]} 41. Kg3 {[%emt 0:00:01]} Re4 {[%emt 0:00:04]} 42. Kf3 {[%emt 0:00:02]} Re6 {[%emt 0:00:03]} 43. Rd4 {[%emt 0:00:04]} Ne5+ {[%emt 0:00:03]} 44. Kf4 {[%emt 0:00:04]} Kf6 {[%emt 0:00:04]} 45. Rd1 {[%emt 0:00:06]} g5+ {[%emt 0:00:01]} 46. Kg3 {[%emt 0:00:02]} Ng6 {[%emt 0:00:02]} 47. Rf1+ {[%emt 0:00:01]} Nf4 {[%emt 0:00:02]} 48. Kg4 {[%emt 0:00:03]} Kg6 {[%emt 0:00:01]} 49. Kg3 {[%emt 0:00:02]} h5 {[%emt 0:00:01]} 50. Rf2 {[%emt 0:00:01]} Re3+ {[%emt 0:00:02]} 51. Kh2 {[%emt 0:00:04]} Re2 {[%emt 0:00:06]} 52. Rxe2 {[%emt 0:00:10]} Nxe2 {[%emt 0:00:02]} 53. Kg2 {[%emt 0:00:02]} h4 {[%emt 0:00:02]} 54. Kh3 {[%emt 0:00:01]} Kh5 {[%emt 0:00:02]} 55. Kh2 {[%emt 0:00:01]} Kg4 {[%emt 0:00:03]} 56. Kh1 {[%emt 0:00:01]} Nd4 {[%emt 0:00:02]} 57. Kg2 {[%emt 0:00:01]} h3+ {[%emt 0:00:04]} 58. Kh2 {[%emt 0:00:01]} Kh4 {[%emt 0:00:01]} 59. Kh1 {[%emt 0:00:01]} Kg3 {[%emt 0:00:01]} 60. Kg1 {[%emt 0:00:01]} Kf3 {[%emt 0:00:05]} 61. Kh2 {[%emt 0:00:01]} g4 {[%emt 0:00:01]} 62. Kh1 {[%emt 0:00:01]} g3 {[%emt 0:00:01]} 63. Kg1 {[%emt 0:00:01]} g2 {[%emt 0:00:13]} 64. Kh2 {[%emt 0:00:01]} Ne2 {[%emt 0:00:12]} 65. Kxh3 {[%emt 0:00:01]} g1=Q {[%emt 0:00:07]} 66. Kh4 {[%emt 0:00:03]} Qg4# 0-1

[Event "ESP-ch Rapid 2018"]
[Site "Linares"]
[Date "2018.08.19"]
[Round "5"]
[White "Salgado Lopez, Ivan"]
[Black "Ibarra Jerez, Jose Carlos"]
[Result "0-1"]
[WhiteElo "2643"]
[BlackElo "2570"]
[Annotator "RC"]
[PlyCount "98"]
[EventDate "2018.08.19"]
[EventType "team-tourn"]
[EventCountry "ESP"]
[SourceTitle "playchess.com"]
[Source "ChessBase"]
[SourceQuality "1"]
[TimeControl "900+5"]

1. e4 {[%emt 0:00:00]} e5 {[%emt 0:00:00]} 2. Nf3 {[%emt 0:00:00]} Nc6 {[%emt 0:00:00]} 3. Bb5 {[%emt 0:00:04]} a6 {[%emt 0:00:02]} 4. Ba4 {[%emt 0:00:02]} g6 {[%emt 0:00:09]} 5. c3 {[%emt 0:00:17]} d6 {[%emt 0:00:03]} 6. O-O {[%emt 0:00:06]} Bg7 {[%emt 0:00:04]} 7. Re1 {[%emt 0:00:14]} Nf6 {[%emt 0:00:21]} 8. d3 {[%emt 0:00:28]} O-O {[%emt 0:00:18]} 9. h3 {[%emt 0:00:07]} Bd7 {[%emt 0:00:55]} 10. Be3 {[%emt 0:00:05]} h6 {[%emt 0:00:43]} 11. Nbd2 {[%emt 0:00:08]} Re8 {[%emt 0:00:55]} 12. Bb3 {[%emt 0:00:20]} Na5 {[%emt 0:01:12]} 13. Bc2 {[%emt 0:00:02]} d5 {[%emt 0:00:02]} 14. b4 {[%emt 0:02:35]} Nc6 {[%emt 0:00:05]} 15. Nb3 {[%emt 0:00:14]} b6 {[%emt 0:01:12]} 16. a4 {[%emt 0:00:16]} Qc8 {[%emt 0:02:12]} 17. Bd2 {[%emt 0:00:40]} Qb7 {[%emt 0:00:57]} 18. a5 {[%emt 0:01:41]} Rad8 {[%emt 0:00:28]} 19. Qc1 {[%emt 0:00:03]} Kh7 {[%emt 0:00:13]} 20. Qa3 {[%emt 0:00:02]} Bc8 {[%emt 0:00:21]} 21. Rad1 {[%emt 0:00:48]} Be6 {[%emt 0:00:43]} 22. axb6 {[%emt 0:00:38]} cxb6 {[%emt 0:00:02]} 23. Be3 {[%emt 0:00:09]} Bf8 {[%emt 0:00:21]} 24. Qa1 {[%emt 0:00:16]} Bg7 {[%emt 0:00:12]} 25. Qa4 {[%emt 0:00:16]} Bd7 {[%emt 0:00:21]} 26. Qa3 {[%emt 0:00:14]} Bf8 {[%emt 0:00:07]} 27. Qb2 {[%emt 0:00:02]} Bg7 {[%emt 0:00:06]} 28. Qb1 {[%emt 0:00:15]} Na7 {[%emt 0:00:19]} 29. c4 {[%emt 0:00:54]} d4 {[%emt 0:00:44]} 30. Bd2 {[%emt 0:00:05]} Bf8 {[%emt 0:00:03]} 31. Nc1 {[%emt 0:00:20]} b5 {[%emt 0:00:29]} 32. c5 {[%emt 0:00:29]} a5 {[%emt 0:00:10]} 33. bxa5 {[%emt 0:00:07]} Bxc5 {[%emt 0:00:05]} 34. Bb3 {[%emt 0:00:04]} Bc8 {[%emt 0:00:24]} 35. Na2 {[%emt 0:00:47]} Nc6 {[%emt 0:00:36]} 36. Rc1 {[%emt 0:00:05]} Ba3 {[%emt 0:00:07]} 37. Rc2 {[%emt 0:00:22]} Be6 {[%emt 0:00:06]} 38. Bxe6 {[%emt 0:00:07]} Rxe6 {[%emt 0:00:01]} 39. Qb3 {[%emt 0:00:10]} Bf8 {[%emt 0:00:02]} 40. Rec1 {[%emt 0:00:25]} Ra8 {[%emt 0:02:21]} 41. Kh2 {[%emt 0:01:48]} Ra7 {[%emt 0:00:14]} 42. Rb1 {[%emt 0:00:15]} b4 {[%emt 0:00:22]} 43. Nxb4 {[%emt 0:01:32]} Nxa5 {[%emt 0:00:01]} 44. Qa2 {[%emt 0:00:07]} Rb6 {[%emt 0:00:07]} 45. Nxe5 {[%emt 0:00:10]} Bxb4 {[%emt 0:00:12]} 46. Bxb4 Rxb4 47. Rxb4 {[%emt 0:00:59]} Qxb4 {[%emt 0:00:06]} 48. Rb2 {[%emt 0:00:02]} Qd6 {[%emt 0:00:06]} 49. f4 {[%emt 0:00:01]} Nc6 {[%emt 0:00:05]} 0-1

[Event "ESP-ch Rapid 2018"]
[Site "Linares"]
[Date "2018.08.19"]
[Round "5"]
[White "Moreno Trujillo, Alejandro"]
[Black "Santos Latasa, Jaime"]
[Result "0-1"]
[WhiteElo "2497"]
[BlackElo "2582"]
[Annotator "TA"]
[PlyCount "186"]
[EventDate "2018.08.19"]
[EventType "team-tourn"]
[EventCountry "ESP"]
[SourceTitle "playchess.com"]
[Source "ChessBase"]
[SourceQuality "1"]

{[%evp 12,186,15,4,9,0,39,18,34,35,33,16,32,-6,-11,-6,0,0,57,50,50,50,50,50,50,50,50,50,50,50,53,53,55,55,69,36,80,69,69,67,96,56,59,53,62,50,56,43,59,16,21,14,155,4,11,11,11,11,11,11,11,0,7,-20,-5,-21,-21,-21,-20,-27,0,-20,-20,-60,-52,-60,-54,-45,-56,-48,-14,-65,-41,-57,-56,-82,-77,-150,-150,-150,-150,-150,-150,-150,-150,-150,-150,-150,-20,-20,-20,-20,-6,-6,-9,-20,-20,-20,-20,-20,-20,-150,-150,-150,-150,-150,-150,-146,-146,-191,-191,-191,-191,-191,-191,-191,-191,-191,-191,-191,-191,-191,-137,-137,0,-191,-191,-191,-191,-191,-57,-64,-6,-13,-20,-5089,0,0,0,0,0,0,-4,-8,-8,-8,-8,-8,-47,-75,0,0,0,0,0,0,0,0,0,-29979,-29980,-29980,-29981,-29981,-29982,-29982,-29983]} 1. d4 Nf6 2. c4 e6 3. Nc3 Bb4 4. Qc2 O-O 5. Nf3 d6 6. Bg5 h6 7. Bh4 {LiveBook: 19 Partien} b6 {E32: Nimzoindisch (4.Dc2)} (7... c5 8. e3 Nbd7 9. Bd3 b6 10. O-O Bb7 11. Ne4 cxd4 12. Nxf6+ Nxf6 13. a3 g5 14. Bg3 Bxf3 15. gxf3 {1-0 (27) Ivanisevic,I (2645)-Zoler,D (2541) Plovdiv 2012}) 8. e4 {[#]} e5 $1 {[%mdl 512]} 9. Bd3 (9. dxe5 dxe5) 9... Re8 $146 {Die Stellung ist ausgeglichen.} ({Vorgänger:} 9... Nbd7 10. O-O Bxc3 11. Qxc3 Qe7 12. Rfe1 Re8 13. Rad1 Nf8 14. dxe5 dxe5 {0-1 (77) Fric,P (2031)-Jurasek,M (2260) Czechia 2013}) 10. O-O-O Bxc3 11. Qxc3 {[%cal Rd4e5]} Bg4 12. h3 Bxf3 $1 13. gxf3 Nc6 14. dxe5 Nxe5 (14... dxe5 $11 15. f4 exf4) 15. f4 $36 {[%mdl 2048] Weiss steht aktiver.} Ng6 16. Bxf6 $1 Qxf6 17. Qxf6 gxf6 18. Rhg1 Kh8 19. f5 $1 {[%cal Rf5g6]} Ne5 20. Be2 Rg8 21. Kd2 Rae8 22. Ke3 Nd7 23. Rg4 Nc5 {und nun wäre ...Txg4 stark für Schwarz.} 24. f3 a5 25. Kd4 Re5 26. Rxg8+ (26. Rd2 {is interesting.} Rb8 27. Bd1 Ree8 28. Rg1 b5 29. cxb5 Rxb5 30. b3) 26... Kxg8 $16 {[%mdl 4096] Endspiel KTL-KTS} 27. Rg1+ Kf8 28. Bd1 c6 29. Bc2 Re8 30. b3 Na6 31. a3 c5+ (31... Ra8 $11) 32. Ke3 $2 (32. Kd5 $16) 32... Nb8 33. b4 axb4 34. axb4 {Schwarz sollte b5 verhindern.} Na6 35. Ba4 Rb8 36. bxc5 bxc5 37. Bc6 Rb3+ 38. Ke2 Nb4 39. Bd5 Rb2+ 40. Ke3 Rb3+ 41. Ke2 Nc2 42. Rg3 Nd4+ 43. Kf2 Rb2+ 44. Kf1 Ra2 45. f4 h5 46. h4 (46. Re3 $11) 46... Nc2 $1 $15 47. Rb3 Nb4 48. Kg1 Re2 49. Ra3 ({Günstiger ist} 49. Bb7) 49... Nxd5 $17 50. exd5 {KT-KT} Re4 51. Ra6 Rxf4 52. Rxd6 Rxh4 53. Rxf6 Rxc4 54. Rc6 Rc2 (54... Kg7 $1 $17 55. Kh2 Rd4 56. Rxc5 Kf6) 55. f6 $1 $11 {[%cal Rc6c8]} Kg8 56. Rc7 c4 57. d6 $1 Rd2 58. Rxc4 Kh7 59. Rc6 Kg6 60. Kf1 Kxf6 61. Ke1 (61. d7+ $11 Kg5 62. Rc7) 61... Rd5 $17 62. Kf2 Ke6 63. d7+ Kxd7 64. Rh6 Ke7 65. Kf3 Kf8 66. Kf4 Kg7 67. Ra6 f6 68. Ra8 Rb5 69. Rc8 Kf7 70. Ra8 Rd5 71. Rb8 Ke6 ({Besser ist} 71... Rg5 $19 72. Ra8 Kg7) 72. Re8+ {[#]} Kf7 (72... Kd7 $1 $17 {[%cal Rd7e8]} 73. Re3 Kd6) 73. Ra8 $2 (73. Rb8 $1 $11 {und Weiss ist OK.}) 73... Kg7 $19 74. Rb8 Ra5 75. Rc8 Ra4+ (75... Ra3 $19 76. Kf5 h4 77. Rc7+ Kh6) 76. Kf5 $15 h4 (76... Ra7 $1 $15) 77. Rc7+ $11 Kh6 {Und ...h3 würde nun gewinnen.} 78. Kxf6 $2 {[%mdl 8192]} (78. Rc8 $11) 78... Rf4+ $2 (78... h3 $19 79. Rc8 Kh5) 79. Ke5 Rf1 {Droht stark ...Kh5.} (79... Rf8 {with more complications.} 80. Ke4 Kh5 81. Rg7 h3 82. Ke3 Kh4) 80. Rc8 Kg5 81. Rg8+ Kh5 {...h3 ist eine echte Drohung.} 82. Ke4 h3 {zielt auf ...Tf7 ab.} 83. Rh8+ Kg4 84. Rg8+ Kh4 85. Ke3 h2 ({Lieber} 85... Rf7 $17 86. Rh8+ Kg3 87. Rg8+ Kh2) 86. Rh8+ Kg3 87. Rg8+ Kh3 88. Rh8+ Kg2 89. Rg8+ Kh1 {Weiss muss nun ...Tg1 beachten.} 90. Ke2 $2 {[%mdl 8192] [#]} (90. Rd8 $11 Rf5 91. Rg8) 90... Rg1 $1 {Schwarz setzt Matt.} 91. Rh8 Kg2 92. Rg8+ Kh3 93. Rh8+ Kg3 {Precision: Weiß = 46%, Schwarz = 61%.} 0-1